<?xml version="1.0" encoding="UTF-8"?>
<collection xmlns="http://www.loc.gov/MARC21/slim">
  <record>
    <leader>00000nam  2200000   4500</leader>
    <controlfield tag="001">INLIS000000000000640</controlfield>
    <datafield tag="990" ind1="#" ind2="#">
      <subfield code="a">65/TA OSP 2021</subfield>
    </datafield>
    <controlfield tag="005">20220705050530</controlfield>
    <datafield tag="035" ind1="#" ind2="#">
      <subfield code="a">0010-1121000193</subfield>
    </datafield>
    <datafield tag="245" ind1="1" ind2="#">
      <subfield code="a">Sistem Sterilisasi Otomatis Sepatu Safety (Studi Kasus PT. Mars Indonesia) :</subfield>
      <subfield code="b">Tugas Akhir /</subfield>
      <subfield code="c">Arizha Tenri Jekka</subfield>
    </datafield>
    <datafield tag="100" ind1="1" ind2="#">
      <subfield code="a">JEKKA, Arizha Tenri</subfield>
    </datafield>
    <datafield tag="250" ind1="#" ind2="#">
      <subfield code="a">2021</subfield>
    </datafield>
    <datafield tag="300" ind1="#" ind2="#">
      <subfield code="a">x, 50 halaman :</subfield>
      <subfield code="b">Tabel, gambar ;</subfield>
      <subfield code="c">20,5x28,5 cm</subfield>
    </datafield>
    <datafield tag="856" ind1="#" ind2="#">
      <subfield code="a">OPAC (Rak TA OSP 2021)</subfield>
    </datafield>
    <datafield tag="260" ind1="#" ind2="#">
      <subfield code="a">Makassar :</subfield>
      <subfield code="b">Politeknik ATI Makassar - Otomasi Sistem Permesinan,</subfield>
      <subfield code="c">2021</subfield>
    </datafield>
    <datafield tag="082" ind1="#" ind2="#">
      <subfield code="a">(R)2021 TA-OSP 818</subfield>
    </datafield>
    <datafield tag="084" ind1="#" ind2="#">
      <subfield code="a">(R)2021 TA-OSP 818 JEK s</subfield>
    </datafield>
    <datafield tag="650" ind1="#" ind2="4">
      <subfield code="a">Tugas Akhir OSP 2021</subfield>
    </datafield>
    <controlfield tag="008">220705################|##########|#|##</controlfield>
    <datafield tag="520" ind1="#" ind2="#">
      <subfield code="a">Menjaga kebersihan pada industri food &amp; beverage merupakan faktor utama, terutama pada pengolahan produk makanan. Pada industri food and beverage tindakan yang perlu dilakukan pekerja yaitu selalu bersih dan steril untuk terhindar dari kontaminasi bakteri dengan menerapkan system mensterilkan sepatu sebelum memasuki area pabrik. Tujuan penelitian ini untuk membuat sistem sterilisasi otomatis sepatu safety yang digunakan untuk membersihkan &amp; mensterilkan sepatu safety secara otomatis. Dalam perancangan sistem, menggunakan arduino UNO sebagai kontroler, sensor ultrasonic HC-SR04 untuk mendeteksi objek benda/sepatu untuk mengaktifkan pompa air 12 VDC menyemprotkan cairan desinfektan dan disinari sinar UV, motor AC 1 Phasa menggerakkan sikat pembersih dan lampu sinar UVC mensterilkan bakteri. Nilai akurasi pembacaan sensor ultrasonic HC-SR04 92,7%, pompa 12 VDC bekerja sesuai waktu yang diatur, motor AC 1 phasa dengan nilai akurasi kinerja sikat 93,04% dan lampu UVC aktif ketika kondisi sinyal low dengan daya 6 W. Pengujian sistem secara keseluruhan masing masing bagian pada pompa rata rata nilai error 7,08% untuk sikat &amp; lampu nilai rata rata error 0,98%. Sedangkan nilai pengujian pembersihan sepatu berdasarkan sampel yang diuji dengan kategori hasil bersih 50%, kurang bersih 30%, cukup bersih 20% dapat dikatakan alat dapat bekerja dengan optimal. Dan untuk pembersihan sepatu semakin lama proses penyikatan sepatu dilakukan, maka semakin bersih hasil pembersihan sepatu.</subfield>
    </datafield>
  </record>
</collection>
